| 000 | 01591nam0a22003251 4500 | ||
|---|---|---|---|
| 001 | RU\NLR\A1SV\107992 | ||
| 005 | 20260225112254.1 | ||
| 035 | _a(NLR Aleph) 009789345 | ||
| 090 |
_a10129862 _c10129862 |
||
| 100 | _a20101015d1926 u y0rusy50 ca | ||
| 101 | 0 | _arus | |
| 102 | _aRU | ||
| 200 | 1 |
_aРезультаты работ по полеводству опытных учреждений Нижнего Поволжья _e(Сводка данных за все время их работы) _fТр. группы ответств. сотрудников Полеводств. отд. Саратов. обл. с.-х. опыт. ст. с участием и под общ. ред. дир. и зав. Полеводств. отд. Станции проф. Н.М.Тулайкова _gНар. ком. зем. Уполномоченный по опыт. делу Нижнего Поволжья |
|
| 210 |
_aКузнецк _cСаратов. губ. зем. упр. _d1926 |
||
| 215 |
_a175, [3] с. _cтабл. _d25 см |
||
| 327 | 0 | _aОт уполномоченного НКЗ по опытному делу Нижне-Волжской области / П.Герасимов (С.3-4) | |
| 620 | _dКузнецк | ||
| 702 | 1 |
_aГерасимов _bП. |
|
| 702 | 1 |
_aТулайков _bН. М. _gНиколай Максимович |
|
| 801 | 0 |
_aRU _bNLR _c20101015 |
|
| 852 |
_aNLR _j29/492 |
||
| 899 | _aРГБ | ||
| 899 | _aКирОУНБ | ||
| 899 | _aSLK | ||
| 899 | _aОренбургОУНБ | ||
| 942 | _cBOOK | ||
| 980 | _aNB | ||
| 980 | _aA1SV | ||
| 980 | _aA1SV | ||